Music Quiz

Random Music or Album Quiz

Greatest Hits Albums of the '70s Quiz Stats

 Plays Quiz Updated Nov 9, 2015

Challenge
Share
Tweet
Score 0/20 Timer 05:00
1 Play Today
% Correct
The Beatles
98.1%
The Jackson 5
97.9%
Elton John
97.3%
Cher
94.9%
Simon & Garfunkel
93.2%
ABBA
92.2%
Rod Stewart
91.6%
Stevie Wonder
91.2%
Johnny Cash
89.8%
The Monkees
87.6%
% Correct
Barry Manilow
78.4%
Marvin Gaye
73.5%
Sly and the Family Stone
50.2%
Cat Stevens
42.6%
Al Green
37.7%
The Rolling Stones
37%
Joan Baez
28.9%
Fleetwood Mac
26.1%
Alice Cooper
12.1%
The Byrds
11.8%

You're not logged in!

Compare scores with friends on all Sporcle quizzes.
OR
Log In

You Might Also Like...

Show Comments

Extras

Top Quizzes Today


Score Distribution

Your Account Isn't Verified!

In order to create a playlist on Sporcle, you need to verify the email address you used during registration. Go to your Sporcle Settings to finish the process.

Report this User

Report this user for behavior that violates our Community Guidelines.

Details: